| Tag |
First Indicator |
Second Indicator |
Subfields |
| LEADER |
00000cam a2200000 a 4500 |
| 001 |
in00002508621 |
| 005 |
20211202192933.0 |
| 006 |
m d f |
| 007 |
cr bn||||||||| |
| 008 |
100201s2009 dcua sb f000 0 eng c |
| 035 |
|
|
|a (OCoLC)ocn502995827
|
| 040 |
|
|
|a GPO
|c GPO
|d UBY
|d OCLCQ
|d GPO
|d MvI
|d UtOrBLW
|
| 042 |
|
|
|a pcc
|
| 043 |
|
|
|a n-us---
|
| 049 |
|
|
|a WWW
|
| 050 |
1 |
4 |
|a KF26
|b .E6 2006s
|
| 074 |
|
|
|a 1045-C (online)
|
| 086 |
0 |
|
|a Y 4.P 96/10:S.HRG.109-1078
|
| 110 |
1 |
|
|a United States.
|b Congress.
|b Senate.
|b Committee on Environment and Public Works.
|
| 245 |
1 |
0 |
|a Toxic Substances Control Act and the chemicals management program at EPA :
|b hearing before the Committee on Environment and Public Works, United States Senate, One Hundred Ninth Congress, second session, August 2, 2006.
|
| 264 |
|
1 |
|a Washington :
|b U.S. G.P.O.,
|c 2009.
|
| 300 |
|
|
|a 1 online resource (iv, 270 pages) :
|b illustrations
|
| 336 |
|
|
|a text
|b txt
|2 rdacontent
|
| 337 |
|
|
|a computer
|b c
|2 rdamedia
|
| 338 |
|
|
|a online resource
|b cr
|2 rdacarrier
|
| 490 |
1 |
|
|a S. hrg. ;
|v 109-1078
|
| 500 |
|
|
|a Title from title screen (viewed on Feb. 1, 2010).
|
| 504 |
|
|
|a Includes bibliographical references.
|
| 500 |
|
|
|a Electronic resource.
|
| 610 |
1 |
0 |
|a United States.
|b Environmental Protection Agency
|v Rules and practice.
|
| 610 |
1 |
0 |
|a United States.
|t Toxic Substances Control Act.
|
| 650 |
|
0 |
|a Chemicals
|x Risk assessment
|x Government policy
|z United States.
|
| 650 |
|
0 |
|a Chemicals
|x Safety measures
|x Government policy
|z United States.
|
| 776 |
0 |
8 |
|i Print version:
|a United States. Congress. Senate. Committee on Environment and Public Works.
|t Toxic Substances Control Act and the chemicals management program at EPA
|h iv, 270 p.
|w (OCoLC)501316468
|
| 776 |
0 |
8 |
|i Microfiche:
|a United States. Congress. Senate. Committee on Environment and Public Works.
|t Toxic Substances Control Act and the chemicals management program at EPA
|h iv, 270 p.
|w (OCoLC)642326344
|
| 810 |
1 |
|
|a United States.
|b Congress.
|b Senate.
|t S. hrg. ;
|v 109-1078.
|
| 856 |
4 |
0 |
|u https://purl.fdlp.gov/GPO/LPS119112
|t 0
|
| 999 |
|
|
|a MARS
|
| 999 |
f |
f |
|s 6cc816d1-9f55-3b25-b05e-5b5165143592
|i a3533a81-c6e8-3298-8440-64ae948870c7
|t 0
|
| 952 |
f |
f |
|a Texas A&M University
|b College Station
|c Electronic Resources
|d Available Online
|t 0
|e Y 4.P 96/10:S.HRG.109-1078
|h Superintendent of Documents classification
|
| 998 |
f |
f |
|a Y 4.P 96/10:S.HRG.109-1078
|t 0
|l Available Online
|